000
00326nam a2200121Ia 4500
008
220204s9999 xx 000 0 und d
082
_a
677.01(035)
_b
GRO
100
_a
Growr, E B
245
0
_a
Handbook of textile testing and quality control
260
_a
New Delhi
_b
Wiley Eastern
_c
1960
700
_a
Hamby, D S
942
_c
BK
999
_c
24768
_d
24768